<?xml version="1.0" encoding="UTF-8"?>
<record
    xmlns:xsi="http://www.w3.org/2001/XMLSchema-instance"
    xsi:schemaLocation="http://www.loc.gov/MARC21/slim http://www.loc.gov/standards/marcxml/schema/MARC21slim.xsd"
    xmlns="http://www.loc.gov/MARC21/slim">

  <leader>00798nab a2200217 uc4500</leader>
  <controlfield tag="001">930207</controlfield>
  <controlfield tag="005">20240224091316.0</controlfield>
  <controlfield tag="008">050614e20040401                    spa  </controlfield>
  <datafield tag="035" ind1=" " ind2=" ">
    <subfield code="a">930207</subfield>
  </datafield>
  <datafield tag="035" ind1=" " ind2=" ">
    <subfield code="a">(OCoLC)820324604</subfield>
  </datafield>
  <datafield tag="040" ind1=" " ind2=" ">
    <subfield code="c">comduadb</subfield>
  </datafield>
  <datafield tag="041" ind1=" " ind2=" ">
    <subfield code="a">spa</subfield>
  </datafield>
  <datafield tag="100" ind1="1" ind2="0">
    <subfield code="a">Baer Mieses, Alejandro</subfield>
    <subfield code="4">aut</subfield>
    <subfield code="e">aut</subfield>
    <subfield code="9">345985</subfield>
  </datafield>
  <datafield tag="245" ind1="1" ind2="0">
    <subfield code="a">Nuevo antisemitismo, viejos estigmas. Caricaturas y vinetas de la prensa espanola sobre el conflicto iraeli-palestino (2000-2003)</subfield>
  </datafield>
  <datafield tag="650" ind1=" " ind2="7">
    <subfield code="a">Antisemitismo</subfield>
    <subfield code="2">lemb</subfield>
    <subfield code="9">39923</subfield>
  </datafield>
  <datafield tag="650" ind1=" " ind2="7">
    <subfield code="a">Modernidad</subfield>
    <subfield code="2">lemb</subfield>
    <subfield code="9">32635</subfield>
  </datafield>
  <datafield tag="650" ind1=" " ind2="7">
    <subfield code="a">Estigmatizaci&#xF3;n</subfield>
    <subfield code="2">lemb</subfield>
    <subfield code="9">69692</subfield>
  </datafield>
  <datafield tag="700" ind1="1" ind2="0">
    <subfield code="a">Kukierman, Federico</subfield>
    <subfield code="4">aut</subfield>
    <subfield code="e">aut</subfield>
    <subfield code="9">406336</subfield>
  </datafield>
  <datafield tag="773" ind1="0" ind2=" ">
    <subfield code="t">Ra&#xED;ces. Revista Jud&#xED;a de Cultura (Espa&#xF1;a)</subfield>
    <subfield code="g">Vol. 18, No. 58, Primavera 2004, p. 25-38</subfield>
    <subfield code="w">673721</subfield>
    <subfield code="x">0212-6753</subfield>
    <subfield code="0">204831</subfield>
  </datafield>
  <datafield tag="942" ind1=" " ind2=" ">
    <subfield code="c">ARIMP</subfield>
  </datafield>
  <datafield tag="999" ind1=" " ind2=" ">
    <subfield code="c">355906</subfield>
    <subfield code="d">355906</subfield>
  </datafield>
</record>
